Kapitan Bomba - rasy kosmitów - Statystyki

Ogólne statystyki
  • Ten quiz został rozwiązany 77 razy
    60 od ostatniego zresetowania
  • Średni wynik to 9 z 44
Statystyki odpowiedzi
rasa % Poprawnych
kurvinox
80%
skurwol
73%
chuj
60%
zdupydomordyzaur
56%
chujew
53%
c'qrwozaur
40%
skurwiwij
40%
dodupyzaur
33%
kurwczerw
33%
dupxo
29%
kutanoid
29%
homofobodaktyl
24%
kutnapletes
22%
pedator
22%
chujwiłeb
20%
lichuj
20%
nadesrał
20%
yeti
20%
pterokosmita
18%
chujowa małpa
16%
bengal
13%
kutołak
13%
wpierdol
13%
Kret Huczsrajajamiński
11%
onanhutep
11%
pederastozaur
11%
analoerektus
9%
Dżdżokutanica
9%
medupa
9%
zdupiks
9%
analbis
7%
dildodikus
7%
dupokosmita
7%
Jagobłodyn
7%
owsik
7%
skurwodaktyl
7%
świniosłoń
7%
terminator
7%
wpiździec
7%
cyklodupyzaur
4%
ewok
4%
jajar
4%
kapzkutowy kutodaktyl
4%
peduza
4%
Nie znaleziono quizów pasujących do podanych kryteriów
Rozkład punktacji
Procent ludzi z każdym wynikiem
Percentyl według liczby udzielonych odpowiedzi
Twoja historia wyników
Nie rozwiązałeś tego quizu od ostatniego zresetowania